Geofyzika

Gespeichert in:
Bibliographische Detailangaben
Hauptverfasser: Šovan, Martin (Verfasst von), Kubáčková, Ludmila (Verfasst von)
Format: Buch
Sprache:Slowakisch
Veröffentlicht: Bratislava : SVŠT v Bratislave, 1981
Ausgabe:2.vyd. - 1.dotlač
Tags: Tag hinzufügen
Keine Tags, Fügen Sie das erste Tag hinzu!

MARC

LEADER 00000nam a22000003a 4500
001 stu88227
005 20150617225626.5
008 040622s1981----cs------------------slo-d
040 |a STU  |b slo 
041 0 |a slo 
044 |a cs 
080 |a 550.3(075.8) 
100 1 |a Šovan, Martin  |4 aut 
245 1 |a Geofyzika 
250 |a 2.vyd. - 1.dotlač 
260 |a Bratislava :  |b SVŠT v Bratislave,  |c 1981 
300 |a 307 s.;tab.,schémy 
700 1 |a Kubáčková, Ludmila  |4 aut 
996 |b 284V013462  |c V*41286/S-04  |l VVS  |s A  |a 24  |w stu88227_0001